[Event "San Vicente op 8th"]
[Site "San Vicente"]
[Date "2024.03.29"]
[Round "4"]
[White "Sanchez Lopez, Jesus"]
[Black "Schulman, Julia"]
[Result "1-0"]
[WhiteElo "1951"]
[BlackElo "1732"]
[PlyCount "63"]
[EventDate "2024.03.27"]
[EventType "swiss"]
[EventRounds "9"]
[EventCountry "ESP"]
[SourceTitle "CB14_2024"]
[SourceDate "2024.04.01"]
[SourceVersion "1"]
[SourceVersionDate "2024.04.01"]
[SourceQuality "1"]

1. e4 c5 2. Nf3 d6 3. d4 cxd4 4. Qxd4 Nc6 5. Bb5 Bd7 6. Bxc6 Bxc6 7. Nc3 Nf6 8. Bg5 e5 9. Qd3 h6 10. Bxf6 Qxf6 11. Nb5 Rc8 12. Nxa7 Rc7 13. Nb5 Rd7 14. 0-0 Be7 15. c4 g5 16. Nd2 h5 17. Rfd1 Qg6 18. Nc3 g4 19. Nf1 h4 20. Ne3 Rh7 21. Ncd5 Bxd5 22. Qxd5 g3 23. fxg3 h3 24. gxh3 Rxh3 25. Nf5 Bg5 26. Kg2 Rh5 27. c5 Qh7 28. h4 f6 29. Qe6+ Kf8 30. Rxd6 Rxh4 31. gxh4 Bxh4 32. Rxd7 1-0

[Event "ESP-ch U18"]
[Site "Salobrena"]
[Date "2023.08.04"]
[Round "7"]
[White "Rodriguez Avila, Alvaro"]
[Black "Sanchez Lopez, Jesus"]
[Result "1-0"]
[WhiteElo "2103"]
[BlackElo "2013"]
[PlyCount "121"]
[EventDate "2023.07.31"]
[EventType "swiss"]
[EventRounds "9"]
[EventCountry "ESP"]
[SourceTitle "CBM 215 Extra"]
[Source "ChessBase"]
[SourceDate "2023.09.30"]
[SourceVersion "1"]
[SourceVersionDate "2023.09.30"]
[SourceQuality "1"]

1. e4 e5 2. Nf3 Nc6 3. Bb5 Nge7 4. 0-0 g6 5. c3 a6 6. Bxc6 Nxc6 7. d4 d6 8. Bg5 f6 9. Be3 Bg7 10. Qb3 Qe7 11. c4 exd4 12. Nxd4 Qxe4 13. Nc3 Nxd4 14. Bxd4 Qxd4 15. Rfe1+ Kf8 16. Nd5 Qc5 17. Re7 Qxd5 18. cxd5 Kxe7 19. Re1+ Kf7 20. Qe3 g5 21. Qe7+ Kg6 22. Rc1 Bf5 23. Rxc7 Rhg8 24. h4 h5 25. hxg5 Kxg5 26. Qxd6 b5 27. Qg3+ Kh6 28. d6 Rad8 29. Re7 Rd7 30. Rxd7 Bxd7 31. Qe3+ Kg6 32. Qe7 Bf5 33. d7 Bxd7 34. Qxd7 Bh6 35. Kf1 Bf4 36. Qe6 Rd8 37. g3 Be5 38. Qxa6 b4 39. Qb5 Rb8 40. Qd3+ Kg7 41. Qb3 Bd6 42. Qd5 Be5 43. b3 Bc3 44. Qxh5 Rd8 45. Qa5 Rd2 46. a4 bxa3 47. Qxa3 Rb2 48. Qe7+ Kg6 49. Qe4+ Kg7 50. Qc4 Be5 51. b4 f5 52. b5 Kf6 53. f4 Rb1+ 54. Kg2 Bd6 55. Qc6 Ke6 56. b6 Rb2+ 57. Kh3 Rb1 58. b7 Rb4 59. Kh4 Ke7 60. Kg5 Rb3 61. Kxf5 1-0

[Event "ESP-ch U18"]
[Site "Salobrena"]
[Date "2023.08.04"]
[Round "8"]
[White "Sanchez Lopez, Jesus"]
[Black "Larranaga Juaristi, Alexander"]
[Result "0-1"]
[WhiteElo "2013"]
[BlackElo "1903"]
[PlyCount "68"]
[EventDate "2023.07.31"]
[EventType "swiss"]
[EventRounds "9"]
[EventCountry "ESP"]
[SourceTitle "CBM 215 Extra"]
[Source "ChessBase"]
[SourceDate "2023.09.30"]
[SourceVersion "1"]
[SourceVersionDate "2023.09.30"]
[SourceQuality "1"]

1. e4 c5 2. Nf3 Nc6 3. Bb5 g6 4. Bxc6 bxc6 5. 0-0 Bg7 6. Re1 Nh6 7. c3 0-0 8. d4 cxd4 9. cxd4 d5 10. e5 f6 11. h3 fxe5 12. Nxe5 Qb6 13. g4 Nf7 14. f4 Nxe5 15. fxe5 Ba6 16. Be3 Bxe5 17. Qd2 Bg3 18. Rc1 Rf3 19. Nc3 Raf8 20. Nd1 Rf1+ 21. Kg2 Be1 22. Qc2 Qb8 23. Nf2 Bxf2 24. Bxf2 R8xf2+ 25. Qxf2 Rxf2+ 26. Kxf2 Qh2+ 27. Kf3 Qxh3+ 28. Kf2 Qh2+ 29. Kf3 Qe2+ 30. Kg3 Qe3+ 31. Kh4 Qf2+ 32. Kh3 Qf3+ 33. Kh2 Qxg4 34. Rxc6 Bd3 0-1

[Event "Catalunya-chT Gp2"]
[Site "Barcelona"]
[Date "2023.03.04"]
[Round "7.10"]
[White "Sanchez Lopez, Jesus"]
[Black "Vinardell Cruanas, Sergi"]
[Result "1/2-1/2"]
[WhiteElo "1990"]
[BlackElo "2125"]
[PlyCount "66"]
[EventDate "2023.01.21"]
[EventType "team-tourn"]
[EventRounds "7"]
[EventCountry "ESP"]
[SourceTitle "CBM 213 Extra"]
[Source "ChessBase"]
[SourceDate "2023.05.31"]
[SourceVersion "1"]
[SourceVersionDate "2023.05.31"]
[SourceQuality "1"]
[WhiteTeam "Barcelona Escacs CC"]
[BlackTeam "Olot"]
[WhiteTeamCountry "ESP"]
[BlackTeamCountry "ESP"]

1. c4 e5 2. g3 Nf6 3. Bg2 d5 4. cxd5 Nxd5 5. Nc3 Nb6 6. Nf3 Nc6 7. a4 a5 8. 0-0 Be7 9. d3 0-0 10. Be3 Be6 11. Rc1 Nd5 12. Ne4 Nxe3 13. fxe3 Bd5 14. Nc3 Be6 15. Ne4 f6 16. Nc5 Bxc5 17. Rxc5 Nb4 18. Qd2 b6 19. Rc3 c5 20. Ne1 Rc8 21. Nc2 Qd7 22. Ra3 Rfd8 23. Rd1 Kh8 24. e4 Nxc2 25. Qxc2 Qd4+ 26. Kf1 c4 27. e3 Qxe3 28. d4 Qh6 29. d5 Bg4 30. Bf3 Qh5 31. Qe2 Bxf3 32. Rxf3 Qe8 33. Qc2 b5 1/2-1/2

[Event "Catalunya-chT Gp2"]
[Site "Barcelona"]
[Date "2023.01.28"]
[Round "2.10"]
[White "Sanchez Lopez, Jesus"]
[Black "Pinyol I Llora, Julia"]
[Result "1-0"]
[WhiteElo "1990"]
[BlackElo "1795"]
[PlyCount "131"]
[EventDate "2023.01.21"]
[EventType "team-tourn"]
[EventRounds "7"]
[EventCountry "ESP"]
[SourceTitle "CBM 213 Extra"]
[Source "ChessBase"]
[SourceDate "2023.05.31"]
[SourceVersion "1"]
[SourceVersionDate "2023.05.31"]
[SourceQuality "1"]
[WhiteTeam "Barcelona Escacs CC"]
[BlackTeam "Cerdanyola Valles"]
[WhiteTeamCountry "ESP"]
[BlackTeamCountry "ESP"]

1. c4 c6 2. e4 d5 3. cxd5 cxd5 4. exd5 Qxd5 5. Nc3 Qd8 6. d4 Nf6 7. Bc4 e6 8. Nf3 Be7 9. 0-0 0-0 10. Re1 Nbd7 11. Bg5 Nb6 12. Bd3 Nbd5 13. Rc1 b6 14. Bb1 Bb7 15. Ne5 Rc8 16. Qd3 g6 17. Bh6 Re8 18. Qh3 Bf8 19. Bg5 Nxc3 20. bxc3 Bg7 21. Ng4 h5 22. Ne5 Qd5 23. Bxf6 Bxf6 24. Be4 Qxe4 25. Rxe4 Bxe4 26. Qe3 Bd5 27. c4 Bxe5 28. cxd5 Bxd4 29. Rxc8 Rxc8 30. Qd2 exd5 31. g4 Bc3 32. Qxd5 hxg4 33. Qd7 Rc4 34. Qxa7 Bd4 35. Qa8+ Kg7 36. Qd5 Rc1+ 37. Kg2 Bc5 38. Qd2 Rc4 39. Qe2 Ra4 40. h3 gxh3+ 41. Kxh3 Rd4 42. Qe5+ Kh7 43. f3 Kg8 44. a4 Rc4 45. Qe2 Rf4 46. Qe8+ Kh7 47. Qc6 Be3 48. Kg3 Rf5 49. Kg2 Bd4 50. Kf1 Bc5 51. Ke2 Kg7 52. Kd3 Kh7 53. Ke4 Kg7 54. Qc7 Bg1 55. Qg3 Bc5 56. Qh2 Bb4 57. Qb2+ Kh7 58. Qxb4 Ra5 59. Kd3 Rf5 60. Qxb6 Rxf3+ 61. Ke4 Rf1 62. a5 f5+ 63. Ke5 f4 64. Kf6 Kh6 65. Qe6 Rh1 66. Qg4 1-0

[Event "ESP-ch U18"]
[Site "Salobrena"]
[Date "2022.08.03"]
[Round "5"]
[White "Rodriguez Ferreiros, Andres"]
[Black "Sanchez Lopez, Jesus"]
[Result "1-0"]
[WhiteElo "2114"]
[BlackElo "1897"]
[PlyCount "103"]
[EventDate "2022.08.01"]
[EventType "swiss"]
[EventRounds "9"]
[EventCountry "ESP"]
[SourceTitle "EXT 2023"]
[Source "ChessBase"]
[SourceDate "2022.10.05"]
[SourceVersion "1"]
[SourceVersionDate "2022.10.05"]
[SourceQuality "1"]

1. e4 e5 2. Nf3 Nc6 3. Bb5 a6 4. Ba4 Nge7 5. d4 exd4 6. Bb3 Na5 7. Qxd4 Nxb3 8. axb3 Nc6 9. Qe3 Bb4+ 10. Bd2 Bxd2+ 11. Nbxd2 d6 12. 0-0 0-0 13. Qc3 Bg4 14. Rfe1 Qd7 15. h3 Bxf3 16. Nxf3 Rae8 17. Rad1 Qe6 18. Rd5 h6 19. Re3 Ne7 20. Rh5 c6 21. Nd4 Qg6 22. Rh4 Qf6 23. Rg4 c5 24. Ne2 Qxc3 25. Nxc3 f5 26. Rf4 g5 27. Rff3 f4 28. Re1 Nc6 29. Rd3 Nd4 30. Rd2 f3 31. Re3 h5 32. g3 g4 33. h4 Re5 34. Nd5 Kg7 35. Nf4 Rfe8 36. c3 Nxb3 37. Rxd6 Rxe4 38. Ne6+ R8xe6 39. Rxe6 Ra4 40. Re1 b5 41. R6e5 Kg6 42. Rg5+ Kf6 43. Rxh5 Ra2 44. Rh6+ Kf7 45. Rh7+ Kf6 46. Rh6+ Kf7 47. Rd1 Ke7 48. h5 a5 49. Rb6 Rxb2 50. h6 Kf8 51. h7 Kg7 52. Rb7+ 1-0

[Event "Malaga op 15th"]
[Site "Malaga"]
[Date "2021.10.29"]
[Round "1"]
[White "Sanchez Lopez, Jesus"]
[Black "Galan Benitez, Francisco Jesus"]
[Result "1-0"]
[WhiteElo "2098"]
[BlackElo "1605"]
[PlyCount "91"]
[EventDate "2021.10.29"]
[EventType "swiss"]
[EventRounds "7"]
[EventCountry "ESP"]
[SourceTitle "CBM 204 Extra"]
[Source "ChessBase"]
[SourceDate "2021.11.30"]
[SourceVersion "1"]
[SourceVersionDate "2021.11.30"]
[SourceQuality "1"]

1. e4 c5 2. Nf3 g6 3. d4 cxd4 4. Nxd4 Nc6 5. c4 Nf6 6. Nc3 d6 7. Be2 Nxd4 8. Qxd4 Bg7 9. Be3 0-0 10. Qd3 a5 11. Bd4 Be6 12. b3 Bd7 13. 0-0 Bc6 14. a3 Nd7 15. Bxg7 Nc5 16. Qd4 Ne6 17. Qe3 Kxg7 18. b4 Qb8 19. Nd5 Bxd5 20. exd5 Nc7 21. Qd4+ Kg8 22. c5 dxc5 23. bxc5 Rd8 24. Bf3 Nxd5 25. Rab1 e6 26. c6 b5 27. Qc5 Nc7 28. h4 h5 29. Rfc1 Rd3 30. Be4 Rd2 31. Qe3 Qd8 32. Qg3 Kg7 33. Bf3 Rd3 34. Rd1 Rc8 35. Rxd3 Qxd3 36. Rd1 Qxa3 37. Rd7 Nd5 38. Qe5+ Kg8 39. Bxd5 exd5 40. Qf6 Qc1+ 41. Kh2 Rf8 42. c7 b4 43. Qd6 Kg7 44. Rd8 Rxd8 45. cxd8Q b3 46. Q6f8+ 1-0

[Event "ESP-chT CECLUB Div2"]
[Site "Linares"]
[Date "2021.08.12"]
[Round "6.3"]
[White "Sanchez Lopez, Jesus"]
[Black "Sanleon Pravisano, Nieves"]
[Result "1-0"]
[WhiteElo "1988"]
[BlackElo "1864"]
[PlyCount "129"]
[EventDate "2021.08.09"]
[EventType "team-swiss"]
[EventRounds "7"]
[EventCountry "ESP"]
[SourceTitle "CBM 203 Extra"]
[Source "ChessBase"]
[SourceDate "2021.09.30"]
[SourceVersion "1"]
[SourceVersionDate "2021.09.30"]
[SourceQuality "1"]
[WhiteTeam "Reina Brillante"]
[BlackTeam "Xeraco CE"]
[WhiteTeamCountry "ESP"]
[BlackTeamCountry "ESP"]

1. e4 e5 2. Nf3 Nc6 3. Bb5 a6 4. Ba4 Nf6 5. d3 b5 6. Bb3 Be7 7. a4 b4 8. Nbd2 d6 9. a5 0-0 10. 0-0 Be6 11. Nc4 Nd4 12. Nxd4 exd4 13. Nd2 d5 14. Qe2 dxe4 15. Bxe6 fxe6 16. Nxe4 Nxe4 17. Qxe4 Qd5 18. Re1 Bd6 19. Qxe6+ Qxe6 20. Rxe6 Rae8 21. Rxe8 Rxe8 22. Kf1 Kf7 23. Bd2 c5 24. g3 Re6 25. Rc1 Bc7 26. Ra1 Re7 27. f4 Ke6 28. c3 bxc3 29. bxc3 dxc3 30. Re1+ Kd6 31. Bxc3 Rd7 32. Rb1 Kc6 33. Ke2 g6 34. Ke3 Re7+ 35. Kf3 Rf7 36. Ke4 Re7+ 37. Kf3 Rf7 38. h4 h6 39. Ke3 Re7+ 40. Kd2 Re6 41. Re1 Rxe1 42. Kxe1 Kd5 43. Ke2 c4 44. Ke3 cxd3 45. Kxd3 h5 46. Ke3 Ke6 47. Ke4 Bd6 48. Be1 Bc5 49. Bd2 Ba7 50. Be3 Bb8 51. Bc5 Bc7 52. Bb4 Bd8 53. Kd4 Kf5 54. Kd5 Kg4 55. Be1 Bxa5 56. Bxa5 Kxg3 57. Bd8 Kxf4 58. Kc5 Ke5 59. Kb6 Kd6 60. Kxa6 Kc6 61. Bg5 Kc7 62. Kb5 Kd6 63. Kb6 Kd7 64. Kc5 Kc7 65. Kd5 1-0

[Event "ESP-chT CECLUB Div2"]
[Site "Linares"]
[Date "2021.08.09"]
[Round "1.8"]
[White "Campana Valencia, Lidia"]
[Black "Sanchez Lopez, Jesus"]
[Result "0-1"]
[WhiteElo "1562"]
[BlackElo "1988"]
[PlyCount "97"]
[EventDate "2021.08.09"]
[EventType "team-swiss"]
[EventRounds "7"]
[EventCountry "ESP"]
[SourceTitle "CBM 203 Extra"]
[Source "ChessBase"]
[SourceDate "2021.09.30"]
[SourceVersion "1"]
[SourceVersionDate "2021.09.30"]
[SourceQuality "1"]
[WhiteTeam "Gambito CC"]
[BlackTeam "Reina Brillante"]
[WhiteTeamCountry "ESP"]
[BlackTeamCountry "ESP"]

1. e4 e5 2. Nf3 Nc6 3. Bc4 Bc5 4. c3 Nf6 5. d3 d6 6. 0-0 a6 7. Bb3 Ba7 8. Re1 h6 9. d4 Bg4 10. d5 Ne7 11. Be3 Bxe3 12. Rxe3 0-0 13. h3 Bc8 14. Nbd2 g5 15. Nf1 Ng6 16. Ng3 g4 17. hxg4 Nxg4 18. Re1 Kh7 19. Nf5 Bxf5 20. exf5 Nf4 21. Bc2 Rg8 22. g3 Nh3+ 23. Kg2 Ng5 24. f6+ Kh8 25. Nxg5 Rxg5 26. Qd3 Nxf6 27. Rh1 Kg7 28. Rh4 Qe7 29. Rah1 Rh8 30. c4 e4 31. Qe3 Qe5 32. b3 b6 33. Bxe4 Re8 34. f4 Qb2+ 35. Kf3 Rxe4 36. Qd3 Rg6 37. g4 Qd4 38. Qxd4 Rxd4 39. g5 hxg5 40. fxg5 Rxh4 41. Rxh4 Rxg5 42. Rh2 Nd7 43. Kf4 Rg1 44. Kf5 Ne5 45. Rf2 Rg6 46. Rh2 Rf6+ 47. Ke4 Rf1 48. Rg2+ Ng6 49. Rh2 0-1

[Event "Merida World Heritage op 1st"]
[Site "Merida"]
[Date "2021.08.05"]
[Round "3"]
[White "Tadevosyan, Aspet"]
[Black "Sanchez Lopez, Jesus"]
[Result "1-0"]
[WhiteElo "2245"]
[BlackElo "1988"]
[PlyCount "83"]
[EventDate "2021.08.04"]
[EventType "swiss"]
[EventRounds "9"]
[EventCountry "ESP"]
[SourceTitle "EXT 2023"]
[Source "ChessBase"]
[SourceDate "2022.10.05"]
[SourceVersion "1"]
[SourceVersionDate "2022.10.05"]
[SourceQuality "1"]

1. d4 Nf6 2. c4 g6 3. Nc3 Bg7 4. e4 d6 5. Be2 0-0 6. Be3 e5 7. d5 Na6 8. g4 Nc5 9. f3 a5 10. h4 h5 11. g5 Ne8 12. Qd2 f5 13. gxf6 Bxf6 14. 0-0-0 Bxh4 15. Nh3 Bg3 16. Rdg1 h4 17. Bf2 Bxf2 18. Nxf2 Qf6 19. Rg5 Qf4 20. Rxg6+ Kh7 21. Rgg1 Qxd2+ 22. Kxd2 Rf4 23. Ng4 Bxg4 24. Rxh4+ Kg7 25. Rgxg4+ Rxg4 26. fxg4 Nf6 27. Ke3 Nh7 28. Nb5 Rc8 29. Rh5 Kg6 30. Bf3 Ng5 31. Bg2 Na6 32. Rh1 Rf8 33. Rf1 Rxf1 34. Bxf1 Nh7 35. Be2 Kg5 36. c5 Nxc5 37. Nxc7 Nf6 38. Ne6+ Nxe6 39. dxe6 Ne8 40. Bb5 Nc7 41. e7 d5 42. e8Q 1-0

[Event "ESP-ch U16"]
[Site "Salobrena"]
[Date "2021.07.24"]
[Round "9"]
[White "Parra Ordorica, Arnau"]
[Black "Sanchez Lopez, Jesus"]
[Result "0-1"]
[WhiteElo "1795"]
[BlackElo "1973"]
[PlyCount "90"]
[EventDate "2021.07.19"]
[EventType "swiss"]
[EventRounds "9"]
[EventCountry "ESP"]
[SourceTitle "EXT 2022"]
[Source "ChessBase"]
[SourceDate "2021.10.06"]
[SourceVersion "1"]
[SourceVersionDate "2021.10.06"]
[SourceQuality "1"]

1. d4 d5 2. c4 e6 3. Nc3 Nf6 4. cxd5 exd5 5. Bg5 Be7 6. Nf3 0-0 7. e3 h6 8. Bh4 c6 9. h3 Ne4 10. Bxe7 Qxe7 11. Bd3 Nd7 12. 0-0 b6 13. Qc2 Nxc3 14. bxc3 c5 15. c4 dxc4 16. Bxc4 Bb7 17. d5 Nf6 18. Rad1 Rad8 19. Qb3 Rd6 20. Rfe1 Rfd8 21. a4 Bxd5 22. Bxd5 Nxd5 23. e4 Nb4 24. Rxd6 Qxd6 25. e5 Qd3 26. Qxd3 Rxd3 27. Ra1 a6 28. Kf1 Kf8 29. Ke2 Rd8 30. Rc1 Nc6 31. Ke3 Ke7 32. Ke4 Ke6 33. g3 Rd5 34. Rb1 Nb4 35. Rb2 Rd1 36. Rd2 Rxd2 37. Nxd2 Nd5 38. Nb1 b5 39. f4 f5+ 40. exf6 Nxf6+ 41. Kd3 bxa4 42. Kc4 Ne4 43. g4 Nf2 44. Nc3 a3 45. Kxc5 Ne4+ 0-1

[Event "ESP-ch U16"]
[Site "Salobrena"]
[Date "2021.07.23"]
[Round "8"]
[White "Sanchez Lopez, Jesus"]
[Black "Alvarez Etxarri, Aimar"]
[Result "0-1"]
[WhiteElo "1973"]
[BlackElo "1806"]
[PlyCount "132"]
[EventDate "2021.07.19"]
[EventType "swiss"]
[EventRounds "9"]
[EventCountry "ESP"]
[SourceTitle "EXT 2022"]
[Source "ChessBase"]
[SourceDate "2021.10.06"]
[SourceVersion "1"]
[SourceVersionDate "2021.10.06"]
[SourceQuality "1"]

1. e4 c5 2. Nf3 d6 3. Bb5+ Bd7 4. Bxd7+ Nxd7 5. c4 e5 6. Nc3 g6 7. d3 Bg7 8. a3 Ne7 9. b4 0-0 10. Be3 f5 11. bxc5 dxc5 12. Bg5 f4 13. Bxe7 Qxe7 14. Nd5 Qd6 15. Qb3 b6 16. a4 Nf6 17. Nd2 Kh8 18. f3 Rfb8 19. Ke2 Nd7 20. Nb1 Nf8 21. Nbc3 a6 22. Rhb1 Ne6 23. Qb2 Bf6 24. Nxb6 a5 25. Ncd5 Bd8 26. Nxa8 Rxb2+ 27. Rxb2 Nd4+ 28. Kf1 Nc6 29. Rb5 Nb4 30. Nab6 Bxb6 31. Rxb6 Qd8 32. Rb5 Qh4 33. Nxb4 cxb4 34. Rxa5 Qxh2 35. Kf2 g5 36. Rb5 g4 37. fxg4 Qg3+ 38. Kf1 Qxd3+ 39. Kg1 Qd4+ 40. Kh2 Qxa1 41. Rxb4 Qc3 42. Rb5 Qg3+ 43. Kh1 Qh4+ 44. Kg1 Qxg4 45. Kh1 Qh4+ 46. Kg1 Qe1+ 47. Kh2 Qxe4 48. a5 Qxc4 49. Rxe5 Qc7 50. Rf5 f3+ 51. Kg1 Qc1+ 52. Kh2 fxg2 53. Kxg2 Qc2+ 54. Rf2 Qg6+ 55. Kf1 Qa6+ 56. Kg2 Qxa5 57. Rf3 h5 58. Kg3 Qg5+ 59. Kh2 h4 60. Kh3 Kg7 61. Kh2 Qg4 62. Rf1 Qe2+ 63. Kg1 h3 64. Rf2 Qe1+ 65. Rf1 Qg3+ 66. Kh1 Qg2# 0-1

[Event "ESP-ch U16"]
[Site "Salobrena"]
[Date "2021.07.22"]
[Round "6"]
[White "Sanchez Lopez, Jesus"]
[Black "Gomez Pastrana, Juan"]
[Result "1/2-1/2"]
[WhiteElo "1973"]
[BlackElo "1705"]
[PlyCount "113"]
[EventDate "2021.07.19"]
[EventType "swiss"]
[EventRounds "9"]
[EventCountry "ESP"]
[SourceTitle "EXT 2022"]
[Source "ChessBase"]
[SourceDate "2021.10.06"]
[SourceVersion "1"]
[SourceVersionDate "2021.10.06"]
[SourceQuality "1"]

1. e4 e6 2. d4 d5 3. Nd2 c5 4. exd5 Qxd5 5. Ngf3 cxd4 6. Bc4 Qd6 7. 0-0 Nc6 8. Nb3 Nf6 9. Nbxd4 Nxd4 10. Qxd4 Qxd4 11. Nxd4 Bc5 12. Nb3 Bd6 13. Be2 Bd7 14. Bf3 Rc8 15. c3 Bc6 16. Bxc6+ Rxc6 17. Na5 Rc7 18. Rd1 Ke7 19. Bg5 Rd8 20. Rd2 h6 21. Bxf6+ gxf6 22. Rad1 Rcd7 23. Nc4 Bc5 24. Kf1 e5 25. Ke2 b5 26. Rxd7+ Rxd7 27. Rxd7+ Kxd7 28. Ne3 Ke6 29. g4 e4 30. Nf5 Ke5 31. Nxh6 Kf4 32. h3 Kg5 33. Nf5 Kf4 34. a3 a6 35. Nd4 Bb6 36. b3 Bc5 37. b4 Bb6 38. Nf5 Bc7 39. Ne3 Bb8 40. Ng2+ Ke5 41. Ne3 Kf4 42. Ng2+ Ke5 43. f4+ exf3+ 44. Kxf3 f5 45. g5 f4 46. h4 Kf5 47. Ne1 Be5 48. Nd3 Bxc3 49. Nc5 Bb2 50. Nxa6 Bxa3 51. Nc7 Bxb4 52. Nxb5 Be1 53. Nd6+ Ke6 54. Nxf7 Kxf7 55. Kxf4 Bxh4 56. Kg4 Bxg5 57. Kxg5 1/2-1/2

[Event "ESP-ch U16"]
[Site "Salobrena"]
[Date "2021.07.20"]
[Round "3"]
[White "Siscar Conill, Aitor"]
[Black "Sanchez Lopez, Jesus"]
[Result "0-1"]
[WhiteElo "1720"]
[BlackElo "1973"]
[PlyCount "74"]
[EventDate "2021.07.19"]
[EventType "swiss"]
[EventRounds "9"]
[EventCountry "ESP"]
[SourceTitle "EXT 2022"]
[Source "ChessBase"]
[SourceDate "2021.10.06"]
[SourceVersion "1"]
[SourceVersionDate "2021.10.06"]
[SourceQuality "1"]

1. e4 e5 2. d4 exd4 3. Qxd4 Nc6 4. Qe3 g6 5. Nc3 Bg7 6. Bd2 Nf6 7. 0-0-0 0-0 8. f3 d5 9. exd5 Nxd5 10. Qc5 Ncb4 11. Nxd5 Nxd5 12. Bc4 c6 13. Bxd5 cxd5 14. h4 Bf5 15. Qf2 Rc8 16. c3 h5 17. Ne2 Qa5 18. Nd4 Bxd4 19. Qxd4 Rc4 20. Qf6 Qa4 21. Qxf5 gxf5 22. b3 Qa3+ 23. Kb1 Rc6 24. Bc1 Qc5 25. Bb2 Re8 26. g4 Re2 27. c4 Qf2 28. Bd4 Qxf3 29. gxh5 Rg2 30. Rhe1 Re6 31. Rg1 Rxg1 32. Rxg1+ Kf8 33. Bg7+ Ke7 34. h6 Qf2 35. Rc1 Re1 36. cxd5 Rxc1+ 37. Kxc1 Qxh4 0-1

[Event "Seville op 46th"]
[Site "Seville"]
[Date "2021.07.03"]
[Round "4"]
[White "Garcia Jimenez, Francisco Javier"]
[Black "Sanchez Lopez, Jesus"]
[Result "1-0"]
[WhiteElo "2301"]
[BlackElo "1981"]
[PlyCount "63"]
[EventDate "2021.06.30"]
[EventType "swiss"]
[EventRounds "7"]
[EventCountry "ESP"]
[SourceTitle "CBM 203 Extra"]
[Source "ChessBase"]
[SourceDate "2021.09.30"]
[SourceVersion "1"]
[SourceVersionDate "2021.09.30"]
[SourceQuality "1"]

1. e4 e5 2. Nf3 Nc6 3. Bc4 Bc5 4. 0-0 Nf6 5. d4 exd4 6. e5 d5 7. exf6 dxc4 8. Re1+ Kf8 9. fxg7+ Kxg7 10. Nbd2 Be6 11. Ne4 Be7 12. Nfg5 Bf5 13. Nxf7 Kxf7 14. Qf3 Kg7 15. Qxf5 Rf8 16. Qe6 Kh8 17. Qxc4 Ne5 18. Qe6 Ng6 19. Bh6 Rg8 20. Rad1 c6 21. c3 c5 22. cxd4 cxd4 23. Be3 d3 24. Qc4 Ne5 25. Qd4 Bf6 26. Qxd8 Bxd8 27. Bd4 Bf6 28. Nxf6 Nf3+ 29. Kh1 Nxd4 30. Nxg8 Nc2 31. Re7 Kxg8 32. Rxd3 1-0

[Event "Seville op 46th"]
[Site "Seville"]
[Date "2021.07.02"]
[Round "3"]
[White "Sanchez Lopez, Jesus"]
[Black "Silva, Pedro Gil Ferreira"]
[Result "1/2-1/2"]
[WhiteElo "1981"]
[BlackElo "2175"]
[PlyCount "94"]
[EventDate "2021.06.30"]
[EventType "swiss"]
[EventRounds "7"]
[EventCountry "ESP"]
[SourceTitle "CBM 203 Extra"]
[Source "ChessBase"]
[SourceDate "2021.09.30"]
[SourceVersion "1"]
[SourceVersionDate "2021.09.30"]
[SourceQuality "1"]

1. e4 c5 2. Nf3 d6 3. Bb5+ Nc6 4. d4 cxd4 5. Qxd4 Bd7 6. Bxc6 Bxc6 7. Nc3 Nf6 8. Bg5 e6 9. 0-0-0 Be7 10. Qd3 0-0 11. Nd4 Qa5 12. f4 Rfc8 13. g4 Be8 14. h4 Rc7 15. Bxf6 Bxf6 16. g5 Bxd4 17. Qxd4 b5 18. h5 Rc4 19. Qxd6 b4 20. Nb1 Rxc2+ 21. Kxc2 Rc8+ 22. Kd3 Rd8 23. Qxd8 Qxd8+ 24. Ke3 Qb6+ 25. Kf3 f5 26. gxf6 gxf6 27. Rd2 f5 28. Rg2+ Kf8 29. Nd2 Qd4 30. Re2 Bc6 31. Rhe1 Qd3+ 32. Kf2 Qh3 33. exf5 exf5 34. Re6 Qh4+ 35. Ke2 Qxh5+ 36. Kd3 Bd5 37. Re7 Qh6 38. Re8+ Kg7 39. R1e7+ Bf7 40. Rd8 Qa6+ 41. Kc2 Qa4+ 42. Kc1 Kf6 43. Rdd7 Bxa2 44. Rxh7 Ke6 45. Rhe7+ Kf6 46. Rh7 Ke6 47. Rhe7+ Kf6 1/2-1/2

[Event "ESP-ch U16"]
[Site "Salobrena"]
[Date "2020.08.14"]
[Round "8"]
[White "Sanchez Lopez, Jesus"]
[Black "Alcala Gonzalez, Cesar"]
[Result "1-0"]
[WhiteElo "1896"]
[BlackElo "2058"]
[PlyCount "86"]
[EventDate "2020.08.10"]
[EventType "swiss"]
[EventRounds "9"]
[EventCountry "ESP"]
[SourceTitle "EXT 2021"]
[Source "ChessBase"]
[SourceDate "2020.10.23"]
[SourceVersion "1"]
[SourceVersionDate "2020.10.23"]
[SourceQuality "1"]

1. e4 c5 2. Nf3 e6 3. d4 cxd4 4. Nxd4 a6 5. Nc3 Qc7 6. g3 Bb4 7. Bd2 Nf6 8. Bg2 Nc6 9. Nb3 Be7 10. 0-0 0-0 11. Qe2 Rd8 12. Rad1 d6 13. f4 Rb8 14. Kh1 b5 15. a3 Bb7 16. g4 Nd7 17. g5 Nc5 18. f5 Nxb3 19. cxb3 Ne5 20. f6 Bf8 21. Bf4 Ng6 22. Bg3 gxf6 23. gxf6 Qc5 24. Bf2 Qe5 25. Bd4 Qg5 26. Be3 Qe5 27. Qg4 h5 28. Qe2 d5 29. Bd4 Qg5 30. e5 Rbc8 31. Rg1 Qh6 32. Bf3 Kh8 33. Be3 Qh7 34. Rg5 Kg8 35. Rd4 Bc5 36. Rxh5 Bxd4 37. Rxh7 Kxh7 38. Bxd4 Rh8 39. Bh5 Kg8 40. Qg4 Kf8 41. Bxg6 Rg8 42. Qh5 Rxg6 43. h4 a5 1-0

[Event "ESP-ch U16"]
[Site "Salobrena"]
[Date "2020.08.13"]
[Round "6"]
[White "Sanchez Lopez, Jesus"]
[Black "Sanchez Aguilar, Arnau"]
[Result "1-0"]
[WhiteElo "1896"]
[BlackElo "1736"]
[PlyCount "75"]
[EventDate "2020.08.10"]
[EventType "swiss"]
[EventRounds "9"]
[EventCountry "ESP"]
[SourceTitle "EXT 2021"]
[Source "ChessBase"]
[SourceDate "2020.10.23"]
[SourceVersion "1"]
[SourceVersionDate "2020.10.23"]
[SourceQuality "1"]

1. e4 e5 2. Nf3 Nc6 3. Nc3 d6 4. d4 Bg4 5. Bb5 Bxf3 6. gxf3 exd4 7. Qxd4 Qf6 8. Qd3 Kd8 9. Bxc6 bxc6 10. f4 Qe6 11. Be3 f6 12. 0-0-0 Ne7 13. Kb1 g6 14. h4 Bg7 15. h5 Ke8 16. Ne2 Rb8 17. Nd4 Qd7 18. f5 Kf7 19. h6 Bf8 20. Ne6 gxf5 21. exf5 Nxf5 22. Qxf5 Qxe6 23. Qh5+ Ke7 24. Bxa7 Rb5 25. Qf3 Kd7 26. Bd4 Be7 27. Rhe1 Qf7 28. Rd3 Ra8 29. a3 d5 30. Rde3 Bd6 31. Qf5+ Kd8 32. Bxf6+ Be7 33. Bxe7+ Ke8 34. Bd6+ Kd8 35. Qxf7 Rxb2+ 36. Kxb2 Rb8+ 37. Ka2 Rb2+ 38. Kxb2 1-0